000 00510nam a22001817a 4500
082 _aP-826
100 _aAli, Ahsan
_916870
245 _aImproved confinement of concrete using SBR latex
_bSyn-27
260 _aRisalpur,
_bMCE,
_c2019.
300 _a98p.
_bill.
_c30cm.
526 _a0
_b0
_c0
_dP_826
700 _aAnus, Muhammad
_951675
700 _aDr Muhammad Rizwan
_934659
700 _aKhan, Tabish Ali
_951676
700 _aMalik, Uzair
_951677
700 _aSardar, Abubaker
_951678
942 _2ddc
_cBK
999 _c554259
_d554259